The effect of leucaena leucocephala leaf in concentration on the growth rate of quail at the animal experimentation station of royal university of agriculture, ឥទ្ធពលនៃការប្រ់ប្រាស់ស្លឹកកន្ថំថេតកន្ុងចំណីផ្សំលើការលូតលាស់របស់ក្រូូចនៅស្ថានីយ៍ពិសោធន៍សត្វនៃសាកលវិទ្យាល័យភូមិន្ទកសិកម្ម (Record no. 2082)

000 -LEADER
fixed length control field 00877nam a22001577a 4500
003 - CONTROL NUMBER IDENTIFIER
control field OSt
005 - DATE AND TIME OF LATEST TRANSACTION
control field 20151006161458.0
008 - FIXED-LENGTH DATA ELEMENTS--GENERAL INFORMATION
fixed length control field 151006b xxu||||| |||| 00| 0 eng d
040 ## - CATALOGING SOURCE
Transcribing agency RUA
082 ## - DEWEY DECIMAL CLASSIFICATION NUMBER
Classification number AVM VON 2006 B076 Or.1
100 ## - MAIN ENTRY--PERSONAL NAME
9 (RLIN) 2209
Personal name VON, VORLEAK.
245 ## - TITLE STATEMENT
Title The effect of leucaena leucocephala leaf in concentration on the growth rate of quail at the animal experimentation station of royal university of agriculture, ឥទ្ធពលនៃការប្រ់ប្រាស់ស្លឹកកន្ថំថេតកន្ុងចំណីផ្សំលើការលូតលាស់របស់ក្រូូចនៅស្ថានីយ៍ពិសោធន៍សត្វនៃសាកលវិទ្យាល័យភូមិន្ទកសិកម្ម
260 ## - PUBLICATION, DISTRIBUTION, ETC. (IMPRINT)
Place of publication, distribution, etc. Phnom Penh
Name of publisher, distributor, etc. RUA
Date of publication, distribution, etc. 2006
300 ## - PHYSICAL DESCRIPTION
Extent 40p.
Other physical details ill.
Dimensions 29cm.
942 ## - ADDED ENTRY ELEMENTS (KOHA)
Source of classification or shelving scheme
Koha item type AVM
Holdings
Price effective from Date last seen Permanent Location Not for loan Date acquired Source of classification or shelving scheme Koha item type Lost status Withdrawn status Date last checked out Total Checkouts Shelving location Damaged status Barcode Current Location Full call number
2015-10-062019-12-02Library Block B 2015-10-06 AVM  2019-11-221B076 RUA008925Library Block BAVM VON 2006 B076 Or.1
2015-10-062020-01-10Library Block B 2015-10-06 AVM  2019-12-271B076 RUA007938Library Block BAVM VON 2006 B076 Or.2
2015-10-062018-11-28Library Block B 2015-10-06 AVM  2018-11-073B076 RUA007800Library Block BAVM VON 2006 B076 Or.3
2015-10-062015-10-06Library Block B 2015-10-06 AVM    B076 RUA007832Library Block BAVM VON 2006 B076 Or.4
2016-02-042016-03-26Library Block B 2016-02-04 AVM  2016-03-221  RUA051508Library Block BAVM VON 2006 B076 Or.5
មជ្ឈមណ្ឌលឯការនៃសាកលវិទ្យាល័យភូមិន្ទកសិកម្មចំការដូង

Powered by Koha